[Event "zonal 9"]
[Site "Sao Paulo BRA"]
[Date "1989.??.??"]
[Round "1"]
[White "Campora, Daniel Hugo"]
[Black "Tempone, Marcelo"]
[Result "1/2-1/2"]
[WhiteElo "2500"]
[BlackElo "2440"]
[EventDate "1989.11.23"]
[PlyCount "126"]

1.e4 d5 2.exd5 Qxd5 3.Nc3 Qa5 4.d4 Nf6 5.Nf3 c6 6.Ne5 Be6 7.Bc4 Bxc4 8.
Nxc4 Qf5 9.O-O e6 10.Re1 Nbd7 11.Ne3 Qh5 12.Qxh5 Nxh5 13.d5 cxd5 14.Nexd5 
O-O-O 15.Nf4 Nhf6 16.Nd3 Bd6 17.Nb5 Bb8 18.Bf4 Bxf4 19.Nxf4 Kb8 20.Nd6 
Rhf8 21.Rad1 Nb6 22.c4 Rd7 23.c5 Rfd8 24.Rc1 Nc8 25.Nc4 Rc7 26.b4 g5 27.
Ne2 Nd5 28.a3 b6 29.Ne5 f6 30.Nd3 e5 31.Ng3 Nde7 32.Nb2 bxc5 33.bxc5 Rc6 
34.Ne4 g4 35.Nc4 Rd4 36.f3 gxf3 37.gxf3 Nd5 38.Kh1 Nf4 39.Rg1 Ng6 40.Rb1+ 
Ka8 41.Na5 Ra6 42.Rb5 Rd8 43.Nc4 f5 44.Rgb1 Nce7 45.Ned6 Nd5 46.Rb7 Nc3 
47.R1b3 Na4 48.Rc7 Nf4 49.c6 Ne6 50.Rxh7 Rxc6 51.Rbb7 Nac5 52.Rxa7+ Kb8 
53.Rae7 e4 54.fxe4 fxe4 55.Re8 Rxe8 56.Nxe8 Nd3 57.Ned6 e3 58.Rb7+ Ka8 59.
Re7 e2 60.Rxe6 e1=Q+ 61.Rxe1 Nxe1 62.Kg1 Nf3+ 63.Kg2 Nxh2 1/2-1/2

[Event "zonal 9"]
[Site "Sao Paulo BRA"]
[Date "1989.??.??"]
[Round "2"]
[White "Campora, Daniel Hugo"]
[Black "Sunye Neto, Jaime"]
[Result "1/2-1/2"]
[WhiteElo "2500"]
[BlackElo "2510"]
[EventDate "1989.11.23"]
[PlyCount "133"]

1.e4 c5 2.Nf3 d6 3.d4 cxd4 4.Nxd4 Nf6 5.Nc3 a6 6.Be2 e5 7.Nb3 Be7 8.O-O 
O-O 9.Re1 Nbd7 10.a4 b6 11.Bf1 Bb7 12.g3 Rc8 13.Bg2 Rc7 14.Re2 Qa8 15.Bd2 
Rfc8 16.Be1 Rxc3 17.Bxc3 Nxe4 18.Bxe4 Bxe4 19.Nd2 Bf5 20.f3 Nf6 21.Kg2 Nd5
22.Ra3 Qc6 23.Ne4 Bxe4 24.Rxe4 f5 25.Re2 f4 26.Bd2 Qxc2 27.Qxc2 Rxc2 28.
Rd3 Ne3+ 29.Kf2 Nd1+ 30.Ke1 Nxb2 31.Rb3 Nxa4 32.gxf4 Bf6 33.Rd3 Rc6 34.Bb4
exf4 35.Bxd6 b5 36.Be7 h6 37.Bxf6 Rxf6 38.Re7 Nb6 39.Ra7 Nc4 40.Rdd7 Rg6 
41.h4 Ne5 42.h5 Rg5 43.Rdb7 Nxf3+ 44.Kf2 Ne5 45.Kf1 Ng4 46.Rxa6 Nf6 47.Ra5
Nxh5 48.Rbxb5 Rxb5 49.Rxb5 g5 50.Kf2 Kf7 51.Rb7+ Kg6 52.Kf3 Nf6 53.Rb6 Kf5
54.Rb5+ Kg6 55.Rb6 h5 56.Ra6 Kf5 57.Ra5+ Kg6 58.Ra6 h4 59.Rb6 Kf5 60.Rb5+ 
Kg6 61.Rb6 h3 62.Ra6 Kf7 63.Ra5 Nh7 64.Ra2 Kg6 65.Kg4 Nf6+ 66.Kxh3 g4+ 67.
Kh4 1/2-1/2

[Event "zonal 9"]
[Site "Sao Paulo BRA"]
[Date "1989.??.??"]
[Round "2"]
[White "Correa, Aron"]
[Black "Van Riemsdijk, Herman Claudius"]
[Result "0-1"]
[WhiteElo "2270"]
[BlackElo "2350"]
[EventDate "1989.11.23"]
[PlyCount "64"]

1.Nf3 Nf6 2.c4 e6 3.Nc3 d5 4.d4 Bb4 5.cxd5 exd5 6.Bg5 h6 7.Bh4 c5 8.e3 O-O
9.a3 Bxc3+ 10.bxc3 Nbd7 11.Bd3 Qa5 12.Qc2 cxd4 13.Nxd4 Ne4 14.O-O Ndc5 15.
Bxe4 dxe4 16.Be7 Re8 17.Bxc5 Qxc5 18.Rfb1 b6 19.a4 Ba6 20.Nb5 Rac8 21.h3 
Rc6 22.Qd1 Rg6 23.Qd7 Re5 24.Rd1 Reg5 25.Qe8+ Kh7 26.Rd8 Rxg2+ 27.Kh1 R6g5
28.Qxf7 Bxb5 29.axb5 Qe5 30.Qf4 Qe6 31.Qh4 Rxf2 32.Rd4 Rf3 0-1

[Event "zonal 9"]
[Site "Sao Paulo BRA"]
[Date "1989.??.??"]
[Round "2"]
[White "Tempone, Marcelo"]
[Black "Milos, Gilberto"]
[Result "1/2-1/2"]
[WhiteElo "2440"]
[BlackElo "2510"]
[EventDate "1989.11.23"]
[PlyCount "28"]

1.Nf3 g6 2.c4 Bg7 3.Nc3 c5 4.g3 Nc6 5.Bg2 Nh6 6.O-O Nf5 7.e3 O-O 8.a3 a6 
9.Rb1 b5 10.cxb5 axb5 11.b4 cxb4 12.axb4 e6 13.d4 Qb6 14.Ne5 d5 1/2-1/2

[Event "zonal 9"]
[Site "Sao Paulo BRA"]
[Date "1989.??.??"]
[Round "3"]
[White "Van Riemsdijk, Herman Claudius"]
[Black "Campora, Daniel Hugo"]
[Result "1-0"]
[WhiteElo "2350"]
[BlackElo "2500"]
[EventDate "1989.11.23"]
[PlyCount "131"]

1.e4 e5 2.Nf3 Nc6 3.Bb5 a6 4.Ba4 Nf6 5.O-O Be7 6.Re1 b5 7.Bb3 d6 8.c3 O-O 
9.d4 Bg4 10.Be3 exd4 11.cxd4 Na5 12.Bc2 c5 13.dxc5 dxc5 14.Nbd2 Nc6 15.Qe2
Re8 16.h3 Bh5 17.Qf1 Nd7 18.a4 c4 19.e5 Bg6 20.Bxg6 hxg6 21.axb5 axb5 22.
Rxa8 Qxa8 23.Nd4 Nxd4 24.Bxd4 Bc5 25.Nf3 Bxd4 26.Nxd4 Qd5 27.e6 fxe6 28.
Nf3 e5 29.Rd1 Qe6 30.Qe1 Nc5 31.Qa5 Qc6 32.Rd8 Nd3 33.b3 Kh7 34.Rxe8 Qxe8 
35.bxc4 bxc4 36.Qc7 Nf4 37.Qxc4 Qa8 38.Kh2 Qa7 39.Ng5+ Kh6 40.Ne4 Qd4 41.
Qc6 Qd5 42.Qa4 g5 43.Qa6+ Qe6 44.Qa8 Qd5 45.Qa6+ Qe6 46.Qb7 Nh5 47.g4 Nf6 
48.Nxg5 Nxg4+ 49.hxg4 Kxg5 50.Qxg7+ Kf4 51.Kh3 e4 52.Qf8+ Kg5 53.Qc5+ Kf6 
54.Kh4 Kg7 55.Qg5+ Kh8 56.Qf5 Qe7+ 57.Kh5 Qd6 58.g5 Qh2+ 59.Kg6 Qh7+ 60.
Kf6 Qg7+ 61.Ke6 Qg8+ 62.Ke7 Qg7+ 63.Ke8 Kg8 64.Qe6+ Kh8 65.Qf6 Kg8 66.
Qxg7+ 1-0

[Event "zonal 9"]
[Site "Sao Paulo BRA"]
[Date "1989.??.??"]
[Round "4"]
[White "Sunye Neto, Jaime"]
[Black "Van Riemsdijk, Herman Claudius"]
[Result "1-0"]
[WhiteElo "2510"]
[BlackElo "2350"]
[EventDate "1989.11.23"]
[PlyCount "59"]

1.c4 e6 2.d4 d5 3.Nc3 Bb4 4.Nf3 Nf6 5.Bg5 h6 6.Bxf6 Qxf6 7.cxd5 exd5 8.Qb3
c5 9.a3 Bxc3+ 10.Qxc3 b6 11.Rc1 Nd7 12.e3 O-O 13.Bb5 c4 14.b3 Nb8 15.bxc4 
a6 16.Ba4 dxc4 17.Qxc4 Bb7 18.Qc7 Rc8 19.Qxc8+ Bxc8 20.Rxc8+ Kh7 21.O-O 
Qd6 22.Ne5 Ra7 23.Be8 Re7 24.Bxf7 g5 25.Bg6+ Kg7 26.Bf5 b5 27.g4 a5 28.Rb1
Rb7 29.Rc5 b4 30.Nc4 1-0

[Event "zonal 9"]
[Site "Sao Paulo BRA"]
[Date "1989.??.??"]
[Round "4"]
[White "Tempone, Marcelo"]
[Black "Correa, Aron"]
[Result "1/2-1/2"]
[WhiteElo "2440"]
[BlackElo "2270"]
[EventDate "1989.11.23"]
[PlyCount "123"]

1.d4 Nf6 2.c4 g6 3.Nc3 Bg7 4.e4 d6 5.Nge2 O-O 6.Ng3 e5 7.d5 c6 8.Be2 cxd5 
9.cxd5 Nbd7 10.O-O a6 11.a4 Qe8 12.Bg5 h5 13.Qd2 Nh7 14.Be3 h4 15.Nh1 f5 
16.exf5 gxf5 17.f4 Nc5 18.Rae1 e4 19.a5 Bd7 20.Qd1 Rc8 21.Bd4 Bxd4+ 22.
Qxd4 Nb3 23.Qb6 Nd2 24.Qxd6 Nxf1 25.Kxf1 Nf6 26.Nf2 Qd8 27.Qb6 Qxb6 28.
axb6 Ne8 29.Nfd1 Rf6 30.Ne3 Rxb6 31.Nc4 Rb4 32.Ne5 Nf6 33.Nd1 Bb5 34.Ne3 
Rxb2 35.Bxb5 axb5 36.d6 Rd2 37.Nxf5 Rcc2 38.Ne3 Rc3 39.Rd1 Rxd1+ 40.Nxd1 
Ra3 41.Ke2 Ra6 42.d7 Rd6 43.Nc3 Nxd7 44.Nxb5 Rb6 45.Nxd7 Rxb5 46.Nf6+ Kg7 
47.Nxe4 Rb2+ 48.Nd2 Kf6 49.g4 hxg3 50.hxg3 Kf5 51.Kd3 Kg4 52.Nc4 Rb3+ 53.
Ke4 Rxg3 54.Nd6 b6 55.f5 Kh5 56.Kd5 Rc3 57.Ke6 Rd3 58.f6 Kg6 59.Nc4 Rc3 
60.f7 Kg7 61.Ke7 Rf3 62.Nxb6 1/2-1/2

[Event "zonal 9"]
[Site "Sao Paulo BRA"]
[Date "1989.??.??"]
[Round "5"]
[White "Correa, Aron"]
[Black "Campora, Daniel Hugo"]
[Result "0-1"]
[WhiteElo "2270"]
[BlackElo "2500"]
[EventDate "1989.11.23"]
[PlyCount "118"]

1.d4 d5 2.Nf3 Nf6 3.c3 g6 4.Bg5 Bg7 5.Nbd2 O-O 6.e3 Nbd7 7.Bd3 Re8 8.O-O 
h6 9.Bh4 c5 10.Re1 a6 11.h3 Qb6 12.Rb1 Qa7 13.e4 dxe4 14.Bxe4 cxd4 15.cxd4
Nf8 16.Qb3 Nxe4 17.Nxe4 Bf5 18.g4 Bxe4 19.Rxe4 e6 20.Ne5 g5 21.Bg3 Rad8 
22.Rd1 Rd5 23.Nf3 Rc8 24.h4 b5 25.hxg5 hxg5 26.Qe3 Qb7 27.Re1 Nh7 28.Be5 
f5 29.gxf5 exf5 30.Bxg7 fxe4 31.Qxe4 Kxg7 32.Ne5 Nf8 33.Re3 Rc1+ 34.Kh2 
Kg8 35.Rh3 Rd7 36.Nxd7 Qxd7 37.Qe3 Qc7+ 38.Rg3 Nh7 39.Qe8+ Kg7 40.Qh5 Rc2 
41.Kg2 Qf4 42.Rf3 Qe4 43.Qf7+ Kh8 44.Kh2 Rxb2 45.Kg3 Rb1 46.Qh5 Rg1+ 47.
Kh2 Rh1+ 48.Kxh1 g4 49.Kh2 Qxf3 50.Qe8+ Kg7 51.Qd7+ Kh6 52.Qe6+ Nf6 53.Kg1
Kg5 54.Qxa6 Ne4 55.Qxb5+ Kh4 56.Qf1 Ng5 57.Qe1 Qd3 58.Qe3 Qxe3 59.fxe3 Kh3
0-1

[Event "zonal 9"]
[Site "Sao Paulo BRA"]
[Date "1989.??.??"]
[Round "5"]
[White "Van Riemsdijk, Herman Claudius"]
[Black "Tempone, Marcelo"]
[Result "1/2-1/2"]
[WhiteElo "2350"]
[BlackElo "2440"]
[EventDate "1989.11.23"]
[PlyCount "153"]

1.e4 d5 2.exd5 Qxd5 3.d4 Nf6 4.Nf3 Bf5 5.Be2 e6 6.O-O c6 7.c4 Qd6 8.Nc3 
Nbd7 9.Nh4 Bg6 10.g3 Qc7 11.Bf3 O-O-O 12.Qe2 Bb4 13.Bf4 Bd6 14.Be3 e5 15.
Nxg6 hxg6 16.c5 exd4 17.cxd6 Qb6 18.Bf4 dxc3 19.bxc3 Qa5 20.Rab1 Nd5 21.
Qb2 N7b6 22.Bd2 Qa6 23.Rfe1 Nc4 24.Be2 Ndb6 25.Be3 Nxb2 26.Bxa6 N2a4 27.
Bf1 Nxc3 28.Bxb6 axb6 29.Rxb6 Nd5 30.Rb3 Rxd6 31.Bg2 Rhd8 32.a4 Nc7 33.
Bh3+ f5 34.Re7 Rd1+ 35.Kg2 R8d7 36.Rxd7 Rxd7 37.g4 Ne6 38.gxf5 Nf4+ 39.Kg3
Nxh3 40.fxg6 Ng5 41.Re3 Rd6 42.h4 Rxg6 43.hxg5 Rxg5+ 44.Kf4 Rd5 45.Re7 Rd7
46.Re8+ Kc7 47.Kg5 b5 48.axb5 cxb5 49.f4 Kc6 50.Kg6 b4 51.Rb8 Kc5 52.f5 
Rc7 53.Rg8 b3 54.Rxg7 b2 55.Rxc7+ Kb6 56.f6 b1=Q+ 57.Kg7 Qg1+ 58.Kh8 Qd4 
59.Rf7 Kc6 60.Kg8 Qd5 61.Kg7 Qg5+ 62.Kh7 Qf5+ 63.Kg7 Qg5+ 64.Kh7 Kd6 65.
Ra7 Qf5+ 66.Kg7 Qg4+ 67.Kf7 Qc4+ 68.Kg7 Qd4 69.Re7 Qg4+ 70.Kf7 Qh5+ 71.Kg7
Qg5+ 72.Kf7 Qg4 73.Ra7 Qc4+ 74.Kg7 Ke6 75.f7 Qd4+ 76.Kg8 Qg1+ 77.Kh8 
1/2-1/2

[Event "zonal 9"]
[Site "Sao Paulo BRA"]
[Date "1989.??.??"]
[Round "6"]
[White "Correa, Aron"]
[Black "Sunye Neto, Jaime"]
[Result "0-1"]
[WhiteElo "2270"]
[BlackElo "2510"]
[EventDate "1989.11.23"]
[PlyCount "106"]

1.d4 Nf6 2.Nf3 e6 3.c4 b6 4.a3 Bb7 5.Nc3 d5 6.cxd5 Nxd5 7.Qc2 Nxc3 8.bxc3 
Nd7 9.e4 c5 10.Bf4 cxd4 11.cxd4 Rc8 12.Qa4 a6 13.Bd3 Be7 14.O-O O-O 15.Qb3
b5 16.Rfc1 Rxc1+ 17.Rxc1 Nf6 18.Qb1 Bxa3 19.Rc7 Ba8 20.Qc2 h6 21.d5 Bxd5 
22.exd5 Nxd5 23.Be5 Nxc7 24.Bxc7 Qe7 25.Be5 Qc5 26.Qxc5 Bxc5 27.Kf1 Rd8 
28.Be4 a5 29.Ke2 a4 30.Bc6 f6 31.Ba1 b4 32.Nd2 Kf7 33.f3 Rd6 34.Bb5 Rb6 
35.Bd3 b3 36.Nc4 Rb8 37.Bb2 Ra8 38.Na3 Bb4 39.h3 h5 40.Be4 Rc8 41.Nb1 Rc5 
42.Bd3 g6 43.Be4 Rg5 44.g4 hxg4 45.hxg4 Rc5 46.Bd3 Rc8 47.Na3 Rh8 48.Ke3 
Rh2 49.Be2 Rh1 50.Bc4 Rd1 51.Nb5 Rb1 52.Bc3 Bxc3 53.Nxc3 a3 0-1

[Event "zonal 9"]
[Site "Sao Paulo BRA"]
[Date "1989.??.??"]
[Round "6"]
[White "Milos, Gilberto"]
[Black "Van Riemsdijk, Herman Claudius"]
[Result "1/2-1/2"]
[WhiteElo "2510"]
[BlackElo "2350"]
[EventDate "1989.11.23"]
[PlyCount "122"]

1.Nf3 d5 2.d4 Nf6 3.c4 e6 4.Bg5 Nbd7 5.e3 Bb4+ 6.Nbd2 O-O 7.a3 Be7 8.Rc1 
c5 9.cxd5 Nxd5 10.Bxe7 Qxe7 11.Be2 cxd4 12.Nxd4 N7f6 13.O-O e5 14.N4f3 Bg4
15.h3 Bh5 16.Qb3 Rfd8 17.Rfe1 e4 18.Nd4 Bxe2 19.Rxe2 Rac8 20.Rxc8 Rxc8 21.
Nc4 a6 22.Rc2 g6 23.Na5 Rxc2 24.Qxc2 b6 25.Nac6 Qc5 26.Qxc5 bxc5 27.Ne2 
Nd7 28.g4 f5 29.Ng3 f4 30.exf4 Nxf4 31.h4 c4 32.Nxe4 Nd3 33.Nb4 Nxb2 34.
Nxa6 Na4 35.f4 c3 36.Nb4 Ndb6 37.Nc2 Nd5 38.f5 gxf5 39.gxf5 Kf7 40.Kf2 Ne7
41.Ng3 Kf6 42.Ne3 Ke5 43.Kf3 Nc6 44.Ng4+ Kd6 45.Ne4+ Kd7 46.Ke3 c2 47.Kd2 
Nb6 48.Ngf6+ Kd8 49.Nxh7 Nd4 50.Nd6 Kd7 51.f6 Kxd6 52.f7 Nc4+ 53.Kc1 Ne6 
54.Ng5 Nf8 55.a4 Ke7 56.Kxc2 Ng6 57.h5 Nge5 58.Kc3 Nd6 59.a5 Nexf7 60.Nxf7
Nxf7 61.a6 Nd6 1/2-1/2

[Event "zonal 9"]
[Site "Sao Paulo BRA"]
[Date "1989.??.??"]
[Round "7"]
[White "Milos, Gilberto"]
[Black "Tempone, Marcelo"]
[Result "1/2-1/2"]
[WhiteElo "2510"]
[BlackElo "2440"]
[EventDate "1989.11.23"]
[PlyCount "36"]

1.e4 d5 2.exd5 Qxd5 3.Nc3 Qa5 4.Nf3 Nf6 5.d4 c6 6.Bc4 Bf5 7.O-O e6 8.Qe2 
Nbd7 9.Ne5 Be7 10.f4 h5 11.Bb3 g6 12.Bd2 Qb6 13.Be3 Nxe5 14.dxe5 Bc5 15.
Bxc5 Qxc5+ 16.Kh1 Nd5 17.Nxd5 cxd5 18.c3 O-O 1/2-1/2

[Event "zonal 9"]
[Site "Sao Paulo BRA"]
[Date "1989.??.??"]
[Round "7"]
[White "Sunye Neto, Jaime"]
[Black "Campora, Daniel Hugo"]
[Result "1/2-1/2"]
[WhiteElo "2510"]
[BlackElo "2500"]
[EventDate "1989.11.23"]
[PlyCount "20"]

1.c4 e5 2.Nc3 Nf6 3.Nf3 Nc6 4.e3 d6 5.d4 g6 6.b3 exd4 7.Nxd4 Bg7 8.Bb2 O-O
9.Be2 Re8 10.Nxc6 bxc6 1/2-1/2

[Event "zonal 9"]
[Site "Sao Paulo BRA"]
[Date "1989.??.??"]
[Round "8"]
[White "Campora, Daniel Hugo"]
[Black "Van Riemsdijk, Herman Claudius"]
[Result "1-0"]
[WhiteElo "2500"]
[BlackElo "2350"]
[EventDate "1989.11.23"]
[PlyCount "81"]

1.e4 e5 2.Nf3 Nc6 3.Nc3 Nf6 4.Bb5 Nd4 5.Ba4 c6 6.O-O d6 7.Nxd4 exd4 8.Ne2 
Nxe4 9.Nxd4 Nc5 10.Re1+ Ne6 11.c4 Be7 12.Nf5 Bf6 13.d4 O-O 14.d5 cxd5 15.
Qxd5 Nc5 16.Bc2 Be6 17.Qf3 Bxc4 18.Bf4 Ne6 19.Bxd6 Nd4 20.Qe4 Nxc2 21.Qxc2
Be6 22.Bxf8 Qxf8 23.Ne3 Qb4 24.Re2 g6 25.h3 h5 26.Nd1 Rc8 27.Qd2 Qc4 28.
Ne3 Qb5 29.a4 Qc5 30.Qd1 Qg5 31.Rc1 Rd8 32.Rd2 Re8 33.Qf3 Be5 34.Qxb7 Bxh3
35.Rc5 Re7 36.Qb5 Kh7 37.Rdd5 f6 38.Rxe5 fxe5 39.Qb8 h4 40.Rc7 Rxc7 41.
Qxc7+ 1-0

[Event "zonal 9"]
[Site "Sao Paulo BRA"]
[Date "1989.??.??"]
[Round "8"]
[White "Correa, Aron"]
[Black "Milos, Gilberto"]
[Result "0-1"]
[WhiteElo "2270"]
[BlackElo "2510"]
[EventDate "1989.11.23"]
[PlyCount "102"]

1.d4 Nf6 2.Nf3 e6 3.Bg5 c5 4.c3 h6 5.Bh4 cxd4 6.cxd4 Qb6 7.Qc2 Nc6 8.Bxf6 
gxf6 9.e3 d5 10.Nc3 f5 11.Bb5 Bd7 12.Bxc6 bxc6 13.O-O Bd6 14.Na4 Qc7 15.
Nc5 O-O 16.Ne5 Be8 17.f4 Qe7 18.Rac1 f6 19.Ned3 Bg6 20.Qa4 Rfc8 21.Na6 Be8
22.Ndc5 e5 23.Rc3 Kh8 24.Rb3 exf4 25.exf4 Bh5 26.Nb7 Be2 27.Nxd6 Qxd6 28.
Rf2 Re8 29.h3 Bb5 30.Qa5 Re7 31.Nc5 Rae8 32.a4 Bc4 33.Rg3 h5 34.b3 h4 35.
Rgf3 Re1+ 36.Kh2 Rd1 37.Rd2 Rb1 38.bxc4 Ree1 39.g4 fxg4 40.hxg4 Rh1+ 41.
Kg2 Qe7 42.Rc2 h3+ 43.Rxh3+ Rxh3 44.Kxh3 Qe3+ 45.Kh2 Qg1+ 46.Kh3 Qe3+ 47.
Kh2 Qxf4+ 48.Kg2 Qxg4+ 49.Kh2 Qh4+ 50.Kg2 Qh1+ 51.Kg3 Rg1+ 0-1

[Event "zonal 9"]
[Site "Sao Paulo BRA"]
[Date "1989.??.??"]
[Round "9"]
[White "Correa, Aron"]
[Black "Tempone, Marcelo"]
[Result "0-1"]
[WhiteElo "2270"]
[BlackElo "2440"]
[EventDate "1989.11.23"]
[PlyCount "48"]

1.d4 Nf6 2.Nf3 c5 3.c4 e6 4.Nc3 a6 5.e4 cxd4 6.Nxd4 d6 7.Bd3 Nbd7 8.O-O 
Qc7 9.Qe2 Ne5 10.f4 Nxd3 11.Qxd3 Be7 12.f5 O-O 13.b3 Bd7 14.fxe6 fxe6 15.
Qh3 d5 16.Nxe6 Qb6+ 17.Be3 Qxe6 18.Qxe6+ Bxe6 19.cxd5 Bb4 20.Bd4 Bd7 21.
Rac1 Rac8 22.Rf4 Bc5 23.Bxc5 Rxc5 24.Rff1 Rfc8 0-1

[Event "zonal 9"]
[Site "Sao Paulo BRA"]
[Date "1989.??.??"]
[Round "9"]
[White "Milos, Gilberto"]
[Black "Campora, Daniel Hugo"]
[Result "1-0"]
[WhiteElo "2510"]
[BlackElo "2500"]
[EventDate "1989.11.23"]
[PlyCount "125"]

1.d4 d5 2.c4 c6 3.Nf3 Nf6 4.Nc3 g6 5.Bf4 Bg7 6.e3 O-O 7.Rc1 Be6 8.cxd5 
Nxd5 9.Bg3 Qa5 10.Be2 Nxc3 11.bxc3 Bxa2 12.O-O Be6 13.c4 Qd8 14.Qb3 Bc8 
15.Rfd1 Nd7 16.Qa3 Qe8 17.h3 e5 18.Bf1 h6 19.c5 Kh7 20.Qa1 e4 21.Nd2 Nf6 
22.Qb1 a5 23.Bd6 Rg8 24.Be5 Qe7 25.Bc4 Re8 26.Bd6 Qd7 27.Qa2 Kg8 28.Rb1 a4
29.Rb4 a3 30.Ra1 Bf8 31.Bxf8 Kxf8 32.Rb3 Qe7 33.Rxa3 Rxa3 34.Qxa3 Kg7 35.
Qb2 h5 36.Ra7 Qd8 37.Ba2 Nd5 38.Nc4 Qg5 39.Nd6 Bxh3 40.Nxe8+ Kf8 41.g3 Qg4
42.Qxb7 Qf3 43.Qxf7+ Qxf7 44.Rxf7+ Kxf7 45.Bxd5+ cxd5 46.Nc7 g5 47.Nxd5 
Ke6 48.Nc3 Bf5 49.Kg2 Bg6 50.f3 exf3+ 51.Kxf3 Be8 52.e4 Bg6 53.Ke3 Be8 54.
Nd1 Bb5 55.Nf2 Bf1 56.d5+ Kd7 57.Kf3 Kc7 58.Nd1 Bd3 59.Ne3 Kd7 60.Nf5 Bc2 
61.Ke3 Bd1 62.Kd4 Bf3 63.c6+ 1-0

[Event "zonal 9"]
[Site "Sao Paulo BRA"]
[Date "1989.??.??"]
[Round "9"]
[White "Van Riemsdijk, Herman Claudius"]
[Black "Sunye Neto, Jaime"]
[Result "1-0"]
[WhiteElo "2350"]
[BlackElo "2510"]
[EventDate "1989.11.23"]
[PlyCount "67"]

1.e4 c5 2.Nf3 Nc6 3.d4 cxd4 4.Nxd4 e5 5.Nb5 d6 6.N1c3 a6 7.Na3 b5 8.Nd5 
Be7 9.c4 b4 10.Qa4 Bd7 11.Nb5 Nd4 12.Nbc7+ Kf8 13.Qd1 Rc8 14.Nxa6 Qa5 15.
Naxb4 Ba4 16.Qd2 Bb3 17.Bd3 Bxc4 18.O-O Bxd3 19.Qxd3 Nf6 20.Be3 Ne6 21.
Rfc1 Nc5 22.Bxc5 dxc5 23.Qh3 Qd8 24.Nxf6 Bxf6 25.Nd5 Rc6 26.b4 c4 27.b5 
Rc5 28.a4 Be7 29.b6 g6 30.Qh6+ Kg8 31.Nxe7+ Qxe7 32.a5 f6 33.a6 Kf7 34.b7 
1-0

[Event "zonal 9"]
[Site "Sao Paulo BRA"]
[Date "1989.??.??"]
[Round "10"]
[White "Campora, Daniel Hugo"]
[Black "Correa, Aron"]
[Result "1-0"]
[WhiteElo "2500"]
[BlackElo "2270"]
[EventDate "1989.11.23"]
[PlyCount "83"]

1.e4 d6 2.f4 g6 3.Nf3 Bg7 4.Nc3 c5 5.g3 Nc6 6.Bg2 e6 7.O-O Nge7 8.d3 O-O 
9.Be3 Nd4 10.e5 Nef5 11.Bf2 Nxf3+ 12.Qxf3 Nd4 13.Qd1 dxe5 14.fxe5 Bxe5 15.
Ne4 f5 16.Nxc5 Qc7 17.b4 a5 18.c3 Nb5 19.d4 Bf6 20.Qd3 Nd6 21.b5 a4 22.
Rab1 Ra5 23.Rfe1 Re8 24.b6 Qd8 25.a3 Re7 26.Qd2 Rb5 27.Rxb5 Nxb5 28.Qb2 
Nd6 29.Nxa4 Qe8 30.Qb4 Nf7 31.Nc5 e5 32.Bd5 e4 33.Be3 Kg7 34.a4 Ng5 35.
Bxg5 Bxg5 36.a5 e3 37.a6 Qd8 38.Bf3 f4 39.a7 fxg3 40.a8=Q gxh2+ 41.Kh1 e2 
42.d5 1-0

[Event "zonal 9"]
[Site "Sao Paulo BRA"]
[Date "1989.??.??"]
[Round "10"]
[White "Tempone, Marcelo"]
[Black "Van Riemsdijk, Herman Claudius"]
[Result "0-1"]
[WhiteElo "2440"]
[BlackElo "2350"]
[EventDate "1989.11.23"]
[PlyCount "56"]

1.d4 d5 2.c4 Bf5 3.cxd5 Bxb1 4.Rxb1 Qxd5 5.Qa4+ Nc6 6.Nf3 O-O-O 7.e3 e5 8.
Bd2 Nxd4 9.Nxd4 exd4 10.Qxa7 Bc5 11.Qa8+ Kd7 12.Qa5 b6 13.Qa4+ Ke7 14.f3 
dxe3 15.Bc3 Nf6 16.Be2 Ra8 17.Qf4 Qd6 18.Qh4 Rhd8 19.O-O Bd4 20.Rfd1 c5 
21.Bxd4 cxd4 22.Rbc1 Rxa2 23.Rc4 d3 24.Re4+ Kf8 25.Rxe3 Qc5 26.Qf2 Rxb2 
27.Rexd3 Rxd3 28.Rxd3 Rxe2 0-1